000
00298nam a2200109Ia 4500
008
171211s9999 xx 000 0 und d
245
_a
Analysis of Economic Data, 2nd Edition
245
_c
Gary Koop
260
_c
2005
650
_x
ECONOMICS
856
_u
http://down.ebook777.com/062/0470024682.pdf
999
_c
349590
_d
349590